000 01890cam a22004094i 4500
003 PE-LiUPU
005 20250731183408.0
008 171128s2014 sp a r0 000 0 spa d
020 _a9788494198274
035 _a(Sirsi) a240214
040 _aPE-LIUPU
_bspa
_cPE-LIUPU
_erda
082 0 4 _a720.92
_bH41
_221
100 1 _aHernández Correa, José Ramón,
_eautor.
245 1 0 _aNecrotectónicas :
_bmuerte de arquitectos /
_cJosé Ramón Hernández Correa.
264 _aMadrid :
_bAsimétricas,
_c2014.
300 _a165 páginas :
_bilustraciones ;
_c22 centímetros.
336 _atext
_2rdacontent
337 _aunmediated
_2rdamedia
338 _avolume
_2rdacarrier
490 0 _aColección Ventana impresa
505 0 _aCaín -- Dédalo -- Hiram - abib -- Apolodoro de damasco -- Michelangelo buonarroti -- Sinán ibn abdulmennan -- Francesco borromini Claude - nicolas ledoux -- Frederick law olmsted -- Antonio san´t ellia -- Louis Henry sullivan -- Antoni gaudi cornet -- Charles rennie mackintosh -- José manuel aizpurua y azqueta -- Josep torres clavé -- Giuseppe terrangi -- Lilly reich -- Ivan ilich leonidov -- Le corbusier -- Louis I. kahn -- Carlo scarpa -- Albert speer -- Enric miralles I moya.
526 _aP158
526 _aP146
526 _aP17
526 _aP12
526 _aP06
526 8 _iPrograma académico :
_5PE-LiUPU
541 _g003-1757;
650 0 4 _aBiografía.
_9238
650 0 4 _aArquitecto.
650 0 4 _aBiography.
650 0 4 _aArchitect.
910 _adbm
_bksl
_cksl
_d20171128
596 _a1
942 _2ddc
_cBOOK
999 _a720.92 H41
_wLC
_c25878
_i77093
_d25878
_e2018-10-10
_f2021-11-9
_g4
_lCCODEBUL1
_mBUL
_n1
_p27.00
_q1
_r0
_sY
_tBOOK
_u2017-11-28
_xINGENIERIA
_PP06
_0COMPRA
_o.STAFF. Colección Ingeniería y Arquitectura
980 _81
_gALBERTO SANCHEZ Responsable de Automatización